000
00246nam a22000977a 4500
008
170125b xxu||||| |||| 00| 0 eng d
041
_a
eng
080
_a
61
245
_a
PULMONARY INSUFFICIENCY AND RESPIRATORY FAILURE
_c
FILLEY, G.F
942
_2
udc
_c
BK
999
_c
3683
_d
3683